00830cam a2200265 450000100060000000300080000600500170001400800410003103500190007203500230009103500270011403500140014103500170015504000360017204100080020808200230021624501420023925000090038126000290039030000270041950400190044665100440046570000320050970000230054127415BD-RjUL20211209051143.0140325s1950 nyu 000 0 eng d a(BD-RjUL)27489 a(OCoLC)ocm01445341 a(CStRLIN)NYCG91-B12922 a(BD-RjUL) a(NNC)1474567 dNjRdNNCaBD-RjULbengcBD-RjUL aeng04a352.7382bPEO 195014aThe people, politics, and the politician :ban anthology of American politics in action /cby A. N. Christensen and Evron M. Kirkpatrick. aRev. aNew York :bHolt,c1950. axiv, 1042 p. ;c25 cm. aIncludes Index 0aUnited StatesxPolitics and government.1 aChristensen, A. N.eeditor.1 aKirkpatrick, E. M.